Score 0/15 Timer 03:00
0 Plays Today
Clue T or F? % Correct
When I knock on Penny's door, I call her name exactly three times.???
90.8%
My mother calls me Shelly.???
89.9%
I'm a terrific driver.???
86.2%
I've won a nobel prize.???
84.6%
I know how to play the theremin.???
83.7%
I'm a devout Christian.???
83.2%
I have a twin sister.???
81.8%
I've been to the North Pole.???
78.5%
Clue T or F? % Correct
Amy Farrah Fowler met me through online dating.???
77.3%
My apartment's official flag features a lion.???
75.8%
I prefer Star Wars over Star Trek.???
73.9%
I prefer to sit on the right side of my couch.???
70.7%
I'm a prominent astrophysicist.???
64.5%
Friday night is laundry night.???
56%
I was my high school's valedictorian.???
40.8%
Remove Ads.
Support Sporcle.
Get the best of Sporcle when you Go Orange. This ad-free experience offers more features, more stats, and more fun while also helping to support Sporcle. Thank you for becoming a member.

You're not logged in!

Compare scores with friends on all Sporcle quizzes.
OR
Log In

Show Comments

Extras

Top Quizzes Today


Score Distribution

Your Account Isn't Verified!

In order to create a playlist on Sporcle, you need to verify the email address you used during registration. Go to your Sporcle Settings to finish the process.

Report this User

Report this user for behavior that violates our Community Guidelines.

Details: